| 000 | 01486nam a22002297a 4500 | ||
|---|---|---|---|
| 999 |
_c3682 _d3682 |
||
| 003 | OSt | ||
| 005 | 20240612113409.0 | ||
| 008 | 240612b ||||| |||| 00| 0 eng d | ||
| 020 | _a9781009311304 | ||
| 040 | _cKH8 | ||
| 082 | _a570 MAR | ||
| 100 |
_aMartindill, David, _eauthor. |
||
| 245 |
_aCombined and Co-ordinated Sciences for Cambridge IGCSE : _bBiology Workbook / _cDavid Martindill, Michael Smyth, Mary Jones &Geoff Jones. |
||
| 260 |
_aUnited Kingdom ; _bCambridge University Press , _c2023. |
||
| 300 |
_a158 pages : _bblack and white illustrations ; _c8.63 x 0.33 x 10.87 inches. |
||
| 520 | _aNew editions support Cambridge IGCSE Combined Science and IGCSE Co-ordinated Sciences for examination from 2025. This accessible write-in workbook is the perfect companion to the coursebook. Students have the opportunity to practice their essential science skills, including data presentation and analysis, consolidate their understanding, and apply their learning to new situations. Exercises are structured into three levels of increasing complexity, which they first support, then provide practice opportunities, and finally challenge learners. As an exercise progresses, the amount of support is reduced, enabling students to become confident, responsible learners. Answers are available to teachers via Cambridge GO. | ||
| 650 | _aWorkbook | ||
| 700 |
_aSmyth, Michael, _eauthor. |
||
| 700 |
_aJones, Mary, _eauthor. |
||
| 700 |
_aJones, Geoff, _eauthor. |
||
| 942 |
_2ddc _cTR |
||